Internet di động : Giải pháp và công nghệ

Trình bày những kiến thức về công nghệ internet di động. Bao gồm những vấn đề về tính hệ thống, quá trình phát triển, các dịch vụ và ứng dụng của internet di động

Đã lưu trong:
Sonraí Bibleagrafaíochta
Príomhúdar: Trần, Quang Huy
Formáid: Leabhar
Teanga:Undetermined
Foilsithe: Hà Nội Khoa học và Kỹ thuật 2008
Ábhair:
Clibeanna: Cuir Clib Leis
Gan Chlibeanna, Bí ar an gcéad duine leis an taifead seo a chlibeáil!
Thư viện lưu trữ: Trung tâm Học liệu Trường Đại học Cần Thơ
LEADER 00955nam a2200217Ia 4500
001 CTU_161930
008 210402s9999 xx 000 0 und d
020 |c 120000 
082 |a 004.678 
082 |b H523 
100 |a Trần, Quang Huy 
245 0 |a Internet di động : 
245 0 |b Giải pháp và công nghệ 
245 0 |c Trần Quang Huy 
260 |a Hà Nội 
260 |b Khoa học và Kỹ thuật 
260 |c 2008 
520 |a Trình bày những kiến thức về công nghệ internet di động. Bao gồm những vấn đề về tính hệ thống, quá trình phát triển, các dịch vụ và ứng dụng của internet di động 
650 |a Internet ( computer programs ),Information networks,Internet (Chương trình máy tính),Mạng lưới thông tin 
904 |i Trân, Hải 
980 |a Trung tâm Học liệu Trường Đại học Cần Thơ